ذ کر ا قبا ل (Record no. 182966)

MARC details
000 -LEADER
fixed length control field 00687nam a22001937a 4500
005 - DATE AND TIME OF LATEST TRANSACTION
control field 20211213124407.0
010 ## - LCCN (DPL NO)
LC control number UR-11374
020 ## - INTERNATIONAL STANDARD BOOK NUMBER
Terms of availability 500.00
International Standard Book Number -
035 ## - SYSTEM CONTROL NUMBER
System control number U-9929
037 ## - SOURCE OF ACQUISITION
Source of stock number/acquisition DBAD/PUB
082 ## - DEWEY DECIMAL CLASSIFICATION NUMBER
Classification number 844.8
100 ## - MAIN ENTRY--PERSONAL NAME
Personal name مر تبہ: محمد نا صر سعيد ا کر می
245 ## - TITLE STATEMENT
Title ذ کر ا قبا ل
Statement of responsibility, etc مر تبہ: محمد نا صر سعيد ا کر می
246 ## - VARYING FORM OF TITLE
Title proper/short title Zikr-e-Iqbal (Urdu)
Remainder of title by Mohd.Nasir Sayeed Akrami
260 ## - PUBLICATION, DISTRIBUTION, ETC. (IMPRINT)
Place of publication, distribution, etc Karnatak
Date of publication, distribution, etc 2021 ء
Name of publisher, distributor, etc Mahad Imam Hasan Ul Banna Bhatkal
270 ## - ADDRESS
Address Madina Colony,Amenuddin Road,P.B:13 N.K.
City Karnatak
Postal code 581320
Fax number -
300 ## - PHYSICAL DESCRIPTION
Extent 544 ص
Dimensions 22 Cm(Hb)
942 ## - ADDED ENTRY ELEMENTS (KOHA)
Source of classification or shelving scheme Dewey Decimal Classification
Item type Urdu Bks
Classification part 844.8
Call number suffix ا ق ب
Holdings
Withdrawn status Lost status Not for loan Collection code Home library Current library Date acquired Source of acquisition Cost, normal purchase price Full call number Barcode Copy number Cost, replacement price Koha item type
    Not For Loan Non-fiction D.B.Act.Division Central Library 13/12/2021 DBAD/PUB 500.00 844.8 ا ق ب U-9929 1 500.00 Urdu Bks

© Delhi Public Library
Hit Counter
free hit counter